Ajuntament de Sant Quirze de Besora : informació municipal informació municipal
Descripción Física:
1 díptic ; 9 x 20 cm.
Idioma:
Catalán
MARC
| LEADER | 00000nam a22000007a 4500 | ||
|---|---|---|---|
| 001 | 27315 | ||
| 003 | Arxiu | ||
| 005 | 20260324181152.0 | ||
| 008 | 230130b spa||||| |||| 00| 0 cat d | ||
| 017 | |a B 13389-2014 | ||
| 040 | |a agdb |b cat | ||
| 041 | |a cat | ||
| 245 | |a Ajuntament de Sant Quirze de Besora : |b informació municipal | ||
| 260 | |a Barcelona : |b Diputació de Barcelona ; |c 2014 | ||
| 300 | |a 1 díptic ; |c 9 x 20 cm. | ||
| 650 | 0 | |9 55392 |a Serveis municipals |z Sant Quirze de Besora (Catalunya) | |
| 710 | |9 55391 |a Sant Quirze de Besora (Catalunya). |b Ajuntament | ||
| 710 | 1 | |a Barcelona (Catalunya : Província). |b Àrea de Territori i Sostenibilitat |9 52770 | |
| 942 | |2 udc |c ARXIU |n 1 | ||
| 952 | |0 0 |1 0 |2 udc |4 0 |6 FU7435 |7 1 |9 65146 |a Arxiu |b Arxiu |d 2023-01-30 |l 0 |o FU-74-35 |p 27315 |r 2023-01-30 00:00:00 |w 2023-01-30 |y ARXIU | ||
| 999 | |c 83024 |d 83024 | ||